| 000 | 00371cam a22001331 4500 | ||
|---|---|---|---|
| 082 |
_a954.031 _bLAN |
||
| 100 | 1 |
_aLane-Poole, Stanley, _949559 |
|
| 245 | 1 | 0 | _aAurangzīb and the decay of the Mughal Empire. |
| 260 |
_aDelhi, _bS. Chand _c[1964] |
||
| 300 |
_a212 p. _billus. _c19 cm. |
||
| 526 |
_a0 _b0 _c0 _d954_031000000000000_LAN |
||
| 650 |
_aMCE _9379 |
||
| 942 |
_2ddc _cBK |
||
| 999 |
_c553168 _d553168 |
||